000 00440nam a2200181Ia 4500
001 16570
005 20260306170319.0
008 260306t2019||||xx |||||||||||||| ||und||
041 _aESP
082 _a348.62985
_bD71
100 _aDíaz Roncal, Kenny
_eAUT
245 0 _aLa historia del empleo público peruano
260 _c2019
300 _a263 páginas :
_c21 cm.
650 _aGEN
654 _aCDE
942 _cLIB
_dJUS
_fJUS
_2ddc
_n
999 _c16570
_d16570